| 000 | 03059cam a22005774i 4500 | ||
|---|---|---|---|
| 003 | PE-LiUPU | ||
| 005 | 20250731173011.0 | ||
| 008 | 150616s r 000 0 d | ||
| 035 | _a(Sirsi) a2275 | ||
| 040 |
_aPE-LiUPU _bspa _cPE-LiUPU _erda |
||
| 049 | _aPRUA | ||
| 082 | 0 | 4 |
_a274 _bH14 _221 |
| 082 | 0 | 4 |
_a274 _bH14 1969 |
| 100 | 1 |
_aHall Glover, Robert, _eautor. |
|
| 245 | 1 | 3 |
_aEl progreso de las misiones cristianas / _cRobert Hall Glover. |
| 264 | 1 |
_aBuenos Aires : _bCasa Bautista de Publicaciones, _c1969. |
|
| 300 |
_a556 páginas : _bilustraciones ; _c19 cm. |
||
| 336 |
_atext _2rdacontent |
||
| 337 |
_aunmediated _2rdamedia |
||
| 338 |
_avolume _2rdacarrier |
||
| 504 | _aIncluye bibliografía. | ||
| 505 | 0 | _aPeríodo de misiones apostólicas -- Período de las misiones de la iglesia primitiva -- Período de las primeras misiones europeas -- Período de la edad media -- Período de la reforma -- Período de las primeras sociedades misioneras -- Período de las misiones modernas -- India -- El sureste de Asia -- China -- Japón -- Corea -- El cercano oriente -- Africa -- La América Latina -- Oceanía, o las islas del Pacífico -- Los judíos -- Campos no ocupados -- La presente perspectiva misionera. | |
| 526 | _aSEG42 | ||
| 526 | _aSEG41 | ||
| 526 | _aSEG40 | ||
| 526 | _aSEG39 | ||
| 526 | _aP94 | ||
| 526 | _aP87 | ||
| 526 | _aP86 | ||
| 526 | _aP85 | ||
| 526 | _aP77 | ||
| 526 | _aP76 | ||
| 526 | _aP35 | ||
| 650 | 0 | 4 |
_aMisiones _xHistorias. |
| 910 |
_ajck _bjvq _cjck |
||
| 942 |
_2ddc _cBOOK |
||
| 949 |
_a274 H14 _wDEWEY _c1 _i06861 _lCCODEBUL1 _mBUL _p00.00 _r0 _sY _tBOOK _u19850528 _xTEOLOGIA _zUNKNOWN _0COMPRA _o.STAFF. Colección General |
||
| 949 |
_a274 H14 _wDEWEY _c2 _i09711 _lCCODEBUL1 _mBUL _p00.00 _r0 _sY _tBOOK _u2015-04-23 _xBIBLIOTECA _zUNKNOWN _0COMPRA _o.STAFF. Colección General |
||
| 949 |
_a274 H14 _wDEWEY _c3 _i09710 _lCCODEBUL1 _mBUL _p00.00 _r0 _sY _tBOOK _u2015-04-23 _xBIBLIOTECA _zUNKNOWN _0COMPRA _o.STAFF. Colección General |
||
| 949 |
_a274 H14 1969 _wDEWEY _c1 _iFT00249 _lCCODEBUT1 _mBUT _p{Dolar}20.00 _r0 _sY _tBOOK _u19850528 _xBIBLIOTECA _zUNKNOWN _o.STAFF. Colección General Tarapoto |
||
| 994 |
_aC0 _bPEPRU |
||
| 596 | _a1 2 | ||
| 999 |
_a274 H14 _wDEWEY _c23355 _i06861 _f2021-11-12 _g5 _lCCODEBUL1 _mBUL _r0 _sY _tBOOK _u2015-6-16 _xTEOLOGIA _zUNKNOWN _0COMPRA _o.STAFF. Colección General _d23355 |
||
| 999 |
_a274 H14 _wDEWEY _c2 _i09711 _f2021-11-12 _g5 _lCCODEBUL1 _mBUL _r0 _sY _tBOOK _u2015-4-23 _xTEOLOGIA _zUNKNOWN _0COMPRA _o.STAFF. Colección General |
||
| 999 |
_a274 H14 _wDEWEY _c3 _i09710 _f2021-11-12 _g5 _lCCODEBUL1 _mBUL _r0 _sY _tBOOK _u2015-4-23 _xTEOLOGIA _zUNKNOWN _0COMPRA _o.STAFF. Colección General |
||
| 999 |
_a274 H14 1969 _wDEWEY _c1 _iFT00249 _f2019-2-20 _g1 _lCCODEBUT1 _mBUT _p20.00 _r0 _sY _tBOOK _u2018-6-26 _xBIBLIOTECA _zUNKNOWN _0DONACION _o.STAFF. Colección General Tarapoto |
||
| 980 |
_81 _gALBERTO SANCHEZ Responsable de Automatización |
||